[Event "AUT-ch"]
[Site "Linz"]
[Date "2024.08.02"]
[Round "7"]
[White "Schroll, Gerhard"]
[Black "Buchegger, Fridolin"]
[Result "1-0"]
[WhiteElo "2234"]
[BlackElo "2072"]
[PlyCount "51"]
[EventDate "2024.07.27"]
[EventType "swiss"]
[EventRounds "9"]
[EventCountry "AUT"]
[SourceTitle "CBM 221 Extra"]
[Source "ChessBase"]
[SourceDate "2024.09.30"]
[SourceVersion "1"]
[SourceVersionDate "2024.09.30"]
[SourceQuality "1"]

1. c4 g6 2. Nc3 c5 3. Nf3 Bg7 4. d4 cxd4 5. Nxd4 Nc6 6. Nc2 Bxc3+ 7. bxc3 d6 8. e4 Nf6 9. f3 Qa5 10. Bd2 Be6 11. Ne3 Rc8 12. Nd5 Bxd5 13. cxd5 Ne5 14. Qb3 0-0 15. Qxb7 Rb8 16. Qxe7 Nxd5 17. Qxd6 Ne3 18. c4 Nc2+ 19. Kf2 Qa4 20. Qxe5 Nxa1 21. Bh6 Qxa2+ 22. Be2 Qb2 23. Qxb2 Rxb2 24. Bxf8 Nb3 25. Bh6 Nd4 26. Rd1 1-0

[Event "AUT-ch"]
[Site "Linz"]
[Date "2024.07.29"]
[Round "3"]
[White "Schroll, Gerhard"]
[Black "Szvetits, Rene"]
[Result "1-0"]
[WhiteElo "2234"]
[BlackElo "1987"]
[PlyCount "89"]
[EventDate "2024.07.27"]
[EventType "swiss"]
[EventRounds "9"]
[EventCountry "AUT"]
[SourceTitle "CBM 221 Extra"]
[Source "ChessBase"]
[SourceDate "2024.09.30"]
[SourceVersion "1"]
[SourceVersionDate "2024.09.30"]
[SourceQuality "1"]

1. Nf3 Nf6 2. b3 g6 3. Bb2 Bg7 4. g3 d5 5. c4 c6 6. Bg2 0-0 7. 0-0 Qb6 8. Qc2 Bf5 9. d3 Na6 10. Nbd2 Rac8 11. a3 Rfe8 12. b4 Ng4 13. Bxg7 Kxg7 14. e4 dxe4 15. dxe4 Be6 16. Qc3+ f6 17. Ng5 Bd7 18. c5 Qd8 19. Nc4 e5 20. Nf3 Re7 21. Rad1 Qc7 22. Nd6 Rd8 23. Nd2 Nh6 24. f4 Bg4 25. fxe5 fxe5 26. Rc1 Rxd6 27. cxd6 Qxd6 28. h3 Be2 29. Rf2 Bb5 30. Nc4 Bxc4 31. Qxc4 Nc7 32. Rcf1 Nb5 33. a4 Nd4 34. Kh2 Qe6 35. Qc1 Rf7 36. Qxh6+ Kxh6 37. Rxf7 Qb3 38. Rxb7 Ne2 39. Rf3 Qb1 40. h4 Qg1+ 41. Kh3 Qe1 42. Kg4 Qd1 43. Rff7 Ng1+ 44. Bf3 Nxf3 45. Rxh7# 1-0

[Event "AUT-ch"]
[Site "Linz"]
[Date "2024.07.28"]
[Round "2"]
[White "Shengelia, Davit"]
[Black "Schroll, Gerhard"]
[Result "1-0"]
[WhiteElo "2464"]
[BlackElo "2234"]
[PlyCount "77"]
[EventDate "2024.07.27"]
[EventType "swiss"]
[EventRounds "9"]
[EventCountry "AUT"]
[SourceTitle "CBM 221 Extra"]
[Source "ChessBase"]
[SourceDate "2024.09.30"]
[SourceVersion "1"]
[SourceVersionDate "2024.09.30"]
[SourceQuality "1"]

1. d4 d5 2. Nf3 e6 3. c4 Nf6 4. e3 Be7 5. b3 0-0 6. Bd3 b6 7. 0-0 Bb7 8. Bb2 Nbd7 9. Nbd2 c5 10. Qe2 Ne4 11. Rfd1 f5 12. cxd5 exd5 13. Ba6 Qc8 14. Bxb7 Qxb7 15. dxc5 bxc5 16. Ne5 Nxe5 17. Bxe5 Bf6 18. Bxf6 Nxf6 19. Rac1 Rac8 20. Rc2 Qb6 21. Nb1 Rfd8 22. h3 Qe6 23. Nc3 c4 24. Nb5 cxb3 25. axb3 Rxc2 26. Qxc2 Qb6 27. Nd4 g6 28. Rc1 Kf7 29. Qb2 Qb7 30. Qa3 Rd7 31. Rc6 Ne4 32. f3 Ng3 33. Qc5 a5 34. Nb5 Kg7 35. Rc8 Re7 36. h4 Kh6 37. Rg8 Qd7 38. Nd4 Rxe3 39. Kf2 1-0

[Event "AUT-chT2O 2324"]
[Site "Austria"]
[Date "2024.01.28"]
[Round "7.2"]
[White "Grimm, Daniel"]
[Black "Schroll, Gerhard"]
[Result "1-0"]
[WhiteElo "2301"]
[BlackElo "2236"]
[PlyCount "47"]
[EventDate "2023.10.13"]
[EventType "team-tourn"]
[EventRounds "11"]
[EventCountry "AUT"]
[SourceTitle "EXT 2025"]
[Source "ChessBase"]
[SourceDate "2024.10.14"]
[SourceVersion "1"]
[SourceVersionDate "2024.10.14"]
[SourceQuality "1"]
[WhiteTeam "Bad Voeslau"]
[BlackTeam "Mattersburg"]
[WhiteTeamCountry "AUT"]
[BlackTeamCountry "AUT"]

1. e4 c6 2. d4 d5 3. Nd2 dxe4 4. Nxe4 Nf6 5. Nxf6+ exf6 6. c3 Bd6 7. Bd3 0-0 8. Qc2 Re8+ 9. Ne2 g6 10. h4 Nd7 11. h5 Nf8 12. Bh6 f5 13. hxg6 hxg6 14. 0-0-0 Be6 15. Kb1 Qa5 16. b3 Bd5 17. f3 b5 18. Nf4 a6 19. Rh3 Qc7 20. Qd2 Ne6 21. Nxe6 Bxe6 22. Rdh1 f4 23. Rh4 Bf8 24. Bxf4 1-0

[Event "AUT-chT2O 2122"]
[Site "Austria"]
[Date "2022.04.03"]
[Round "11.1"]
[White "Schroll, Gerhard"]
[Black "Kummer, Helmut"]
[Result "1-0"]
[WhiteElo "2307"]
[BlackElo "2253"]
[PlyCount "51"]
[EventDate "2021.10.16"]
[EventType "team-tourn"]
[EventRounds "11"]
[EventCountry "AUT"]
[SourceTitle "EXT 2023"]
[Source "ChessBase"]
[SourceDate "2022.10.05"]
[SourceVersion "1"]
[SourceVersionDate "2022.10.05"]
[SourceQuality "1"]
[WhiteTeam "Mattersburg"]
[BlackTeam "Donaustadt"]
[WhiteTeamCountry "AUT"]
[BlackTeamCountry "AUT"]

1. e4 g6 2. d4 Bg7 3. Nf3 c6 4. c4 d6 5. Nc3 Nf6 6. Be2 0-0 7. 0-0 Na6 8. h3 Nc7 9. d5 c5 10. Bf4 Nd7 11. Qd2 Ne5 12. Nh2 a6 13. a4 b6 14. Be3 f6 15. f4 Nf7 16. h4 f5 17. h5 Bd7 18. g4 fxg4 19. hxg6 hxg6 20. Bxg4 Bxg4 21. Nxg4 e6 22. dxe6 Nxe6 23. Nd5 Nd4 24. Qg2 Nh8 25. f5 gxf5 26. exf5 1-0

[Event "AUT-chT2O 2122"]
[Site "Austria"]
[Date "2022.02.13"]
[Round "5.2"]
[White "Schroll, Gerhard"]
[Black "Ganaus, Hannes"]
[Result "1/2-1/2"]
[WhiteElo "2307"]
[BlackElo "2298"]
[PlyCount "41"]
[EventDate "2021.10.16"]
[EventType "team-tourn"]
[EventRounds "11"]
[EventCountry "AUT"]
[SourceTitle "EXT 2023"]
[Source "ChessBase"]
[SourceDate "2022.10.05"]
[SourceVersion "1"]
[SourceVersionDate "2022.10.05"]
[SourceQuality "1"]
[WhiteTeam "Mattersburg"]
[BlackTeam "Poechlarn"]
[WhiteTeamCountry "AUT"]
[BlackTeamCountry "AUT"]

1. d4 d5 2. c4 e6 3. Nc3 Nf6 4. Nf3 Bb4 5. cxd5 exd5 6. Bg5 h6 7. Bxf6 Qxf6 8. Qb3 Qb6 9. Rc1 c6 10. a3 Bxc3+ 11. Qxc3 0-0 12. e3 Bf5 13. Ne5 a5 14. g4 Bh7 15. h4 f6 16. Nd3 Nd7 17. Nf4 Rfe8 18. Be2 a4 19. 0-0 Nf8 20. Rfe1 Ne6 21. Ng2 1/2-1/2

[Event "Innsbruck op 5th"]
[Site "Innsbruck"]
[Date "2021.08.26"]
[Round "7"]
[White "Burian, Simon"]
[Black "Schroll, Gerhard"]
[Result "1/2-1/2"]
[WhiteElo "2143"]
[BlackElo "2324"]
[PlyCount "43"]
[EventDate "2021.08.21"]
[EventType "swiss"]
[EventRounds "9"]
[EventCountry "AUT"]
[SourceTitle "CBM 204 Extra"]
[Source "ChessBase"]
[SourceDate "2021.11.30"]
[SourceVersion "1"]
[SourceVersionDate "2021.11.30"]
[SourceQuality "1"]

1. e4 e5 2. Nf3 Nc6 3. Bc4 Bc5 4. b4 Bxb4 5. c3 Ba5 6. d4 exd4 7. Qb3 Qf6 8. 0-0 Bb6 9. e5 Qg6 10. cxd4 Na5 11. Qc3 Nxc4 12. Qxc4 Qc6 13. Qd3 Ne7 14. Ba3 Qg6 15. Qb3 Qe6 16. Qd3 Nd5 17. Nc3 Nf4 18. Qe3 Qg4 19. g3 Ne6 20. Rad1 Ba5 21. Ne4 b5 22. h3 1/2-1/2

[Event "Innsbruck op 5th"]
[Site "Innsbruck"]
[Date "2021.08.25"]
[Round "6"]
[White "Schroll, Gerhard"]
[Black "Bischofberger, Dario"]
[Result "1/2-1/2"]
[WhiteElo "2324"]
[BlackElo "2143"]
[PlyCount "59"]
[EventDate "2021.08.21"]
[EventType "swiss"]
[EventRounds "9"]
[EventCountry "AUT"]
[SourceTitle "CBM 204 Extra"]
[Source "ChessBase"]
[SourceDate "2021.11.30"]
[SourceVersion "1"]
[SourceVersionDate "2021.11.30"]
[SourceQuality "1"]

1. e4 e6 2. Nf3 d5 3. Nc3 d4 4. Ne2 c5 5. c3 Nf6 6. e5 Nfd7 7. cxd4 cxd4 8. Qa4 Nc6 9. Nexd4 Ndxe5 10. Nxc6 Nxc6 11. Be2 Bc5 12. 0-0 0-0 13. d3 Bd7 14. Qb3 Qb6 15. Qxb6 Bxb6 16. Be3 e5 17. Rfd1 Nd4 18. Nxd4 exd4 19. Bf4 Bc6 20. Bd2 Rfe8 21. Re1 h6 22. Bf1 Bd5 23. Rxe8+ Rxe8 24. a3 Rc8 25. Rc1 Rxc1 26. Bxc1 Bb3 27. Bd2 Bc7 28. f3 g5 29. Kf2 Kg7 30. g3 1/2-1/2